00525nam a22001812 4500001001100000005001700011008004100028020001700069040001500086100003300101245008000134250001300214260003600227300001800263650002500281700003400306852000300340000002490420151217154513.0140325s xx 000 0 eng d a1259080753 : aKABUcKABU1 aBauer, Wolfgang.@000018517710aUniversity physics with modern physics /cWolfgang Bauer, Gary D. Westfall. a2nd ed. aNew York :bMcGraw-Hill,c2014. axxi, 1298 p. 0aPhysics.@00001537781 aWestfall, Gary D.@00001851781